00457nam a2200181Ia 45000030006000000050017000060080041000230200018000640400009000820410012000910820018001031000025001212450029001462600034001753000008002095050029002176500029002460Nust20170105110248.0161124s9999 xx 000 0 und d a0-7484-0104-0 cIGIS aEnglish a910.2852bFOT aStewart Fotheringham aSpatial Analysis and GIS aLondonbTaylor &Francisc1994 a281 aSpatial Analysis and GIS aSpatial Analysis and GIS